| 000 | 01260nam a2200229Ia 4500 | ||
|---|---|---|---|
| 999 |
_c46924 _d46924 |
||
| 001 | 13777 | ||
| 003 | GE_BSU | ||
| 005 | 20240911162031.0 | ||
| 008 | 181216s2014||||ge |||||||||||||| ||geo|| | ||
| 020 | _a9789941067631 | ||
| 040 | _cGE_BSU | ||
| 041 | _ageo | ||
| 080 | _a001(479.22:560) გ-71 | ||
| 245 | _aქართულ-თურქული მულტიდისციპლინარული სამეცნიერო კონფერენცია. 3-4 ოქტომბერი = Georgian-turkish multidisciplinary scientific conference. | ||
| 264 |
_aგორი : _bგორის სახ. სასწ. უნ-ტი, _c2014. |
||
| 300 |
_a67 გვ. : _bილ. ; _c29 სმ. |
||
| 500 | _aნაშრომები, თავფურ., ყდა ქართ. და ინგლ. | ||
| 500 | _aფოტოგალერეა: გვ. 68-71 | ||
| 653 | _aსაქართველო-თურქეთის ურთიერთობის ისტორია - კონფერენციები | ||
| 653 | _aქართულ-თურქული მულტიდისციპლინარული სამეცნიერო კონფერენცია | ||
| 942 |
_cBK _2udc |
||